| 000 | 00411 a2200157 4500 | ||
|---|---|---|---|
| 999 |
_c321324 _d321324 |
||
| 001 | 86251 | ||
| 003 | NUST | ||
| 005 | 20180122101611.0 | ||
| 008 | 180122b xxu||||| |||| 00| 0 eng d | ||
| 020 | _a9788192328010 | ||
| 082 | _a808.88 FAR | ||
| 100 |
_aMusharraf Ali Farooqi _99444 |
||
| 245 |
_aBetween clay and dust _cMusharraf Ali Farooqi _hEnglish |
||
| 250 | _a1st | ||
| 260 |
_aNew Delhi _b Aleph Book Company _c2012 |
||
| 300 | _a213p. | ||
| 500 | _aGeneral Collection | ||
| 942 |
_aCAE NUST _cBK _k808.88 FAR _2ddc |
||